000 00287nam a22001337a 4500
008 181029b xxu||||| |||| 00| 0 eng d
020 _a0801621828
041 _aeng
080 _24th
_a573
100 _a11
101 _aBIO
245 _aBiology of Animals
_cHickman
942 _2udc
_cBK
999 _c51036
_d51036